El libro más bonito de todos los colores (Registro nro. 38191)

Detalles MARC
000 -CABECERA
Longitud fija campo de control 00798nam a2200253 i 4500
003 - IDENTIFICADOR DEL NUMERO DE CONTROL
Identificador del número de control CO-BoRNBP
005 - FECHA Y HORA DE LA ULTIMA TRANSACCION
Fecha y hora de la última transacción 20240723152416.0
007 - CAMPO FIJO DE DESCRIPCION FISICA
Campo fijo de descripción física ta
008 - CODIGOS DE INFORMACION DE LONGITUD FIJA
Códigos de información de longitud fija 240711s2019 sp a|||| |||| 00| 0 spa d
020 ## - NUMERO INTERNACIONAL NORMALIZADO PARA LIBROS
Número Internacional Normalizado para Libros (ISBN) 9788491015284
040 ## - FUENTE DE LA CATALOGACION
Centro catalogador de origen CO-BoRNBP
Lengua de catalogación spa
Centro transcriptor CO-BoRNBP
Normas de descripción rda
041 1# - CODIGO DE LENGUA
Código de lengua del texto/banda sonora o título independiente español
082 ## - NUMERO DE LA CLASIFICACION DECIMAL DEWEY
Número de edición I
Número de clasificación (R) 843.91
Número del ítem S299l
100 1# - PUNTO DE ACCESO PRINCIPAL-NOMBRE DE PERSONA
Nombre de persona Schamp, Tom
Término indicativo de función autor
245 13 - TITULO PROPIAMENTE DICHO
Título El libro más bonito de todos los colores
Mención de responsabilidad, etc. Texto e ilustraciones: Tom Schamp
250 ## - MENCION DE EDICION
Mención de edición Primera edición
264 #1 - PRODUCCION, PUBLICACION , DISTRIBUCION, FABRICACION Y COPYRIGHT
Lugar de producción, publicación, distribución, fabricación Barcelona, España
Nombre del productor, editor, distribuidor, fabricante Combel Editorial
Fecha de de producción, publicación, distribución, fabricación o copyright septiembre de 2019
300 ## - DESCRIPCION FISICA
Extensión 39 páginas
Otras características físicas ilustración a color
Dimensiones alto 34cm ancho 28cm
336 ## - TIPO DE CONTENIDO
Fuente rdacontenido
Término de tipo de contenido texto
Código de tipo de contenido txt
337 ## - TIPO DE MEDIO
Fuente rdamedio
Nombre del tipo de medio sin mediación
Código del tipo de medio n
338 ## - TIPO DE SOPORTE
Fuente rdasoporte
Nombre del tipo de soporte volumen
Código del tipo de soporte nc
650 ## - PUNTO DE ACCESO ADICIONAL DE MATERIA - TERMINO DE MATERIA
Fuente del encabezamiento ARMARC
942 ## - ENTRADA DE ELEMENTOS AGREGADOS (KOHA)
Fuente de clasificaión o esquema Dewey Decimal Classification
Koha [por defecto] tipo de item Libro Infantil
Existencias
Perdido Fuente de clasificación o esquema Estado Físico No para préstamo Forma de adquisición Localización permanente Localización actual Localización en estanterías Fecha adquisición Préstamos totales Signatura completa Código de barras Fecha última consulta Número de copia Fecha del precio de reemplazo Tipo de item de Koha Renovaciones totales Prestado Fecha último préstamo Note pública
  Dewey Decimal Classification     Infantil Biblioteca Pública Fuentedeoro - Henry Llanos García Biblioteca Pública Fuentedeoro - Henry Llanos García Sala Infantil 07/25/2025   843.91 S299l Fo2378 07/25/2025 Ej.1 07/25/2025 Libro Infantil        
  Dewey Decimal Classification     Colección General Biblioteca Pública José Eustasio Rivera - San Martin Biblioteca Pública José Eustasio Rivera - San Martin Sala Infantil 11/22/2024   I 843.91 S2992l SM03230 11/22/2024 Ej.1 11/22/2024 Libro Infantil        
  Dewey Decimal Classification     Colección General Biblioteca Pública Puerto Lleras Biblioteca Pública Puerto Lleras Sala Infantil 01/08/2025   843.91 S299l PLL00154 01/08/2025 Ej.1 01/08/2025 Libro Infantil        
  Dewey Decimal Classification     Infantil Biblioteca Pública San Carlos de Guaroa - Eduardo Carranza Biblioteca Pública San Carlos de Guaroa - Eduardo Carranza Sala Infantil 02/18/2025   843.91 S299l SG02306 02/18/2025 Ej.1 02/18/2025 Libro Infantil        
        Colección Sala Infantil de Literatura Pocatil y Tilín Biblioteca Pública Departamental Eduardo Carranza - Villavicencio Biblioteca Pública Departamental Eduardo Carranza - Villavicencio Sala Infantil 04/13/2024 1 I535.6 S13li ECA28735 04/25/2025 Ej.2 11/26/2024 LIbro 1 05/30/2025 04/25/2025 22362 | 27700
        Colección Sala Infantil de Literatura Pocatil y Tilín Biblioteca Pública Departamental Eduardo Carranza - Villavicencio Biblioteca Pública Departamental Eduardo Carranza - Villavicencio Sala Infantil 04/13/2024   I535.6 S13li ECA28734 11/26/2024 Ej.1 11/26/2024 LIbro       22362 | 27699
  Dewey Decimal Classification     Infantil Biblioteca Pública Guamal Biblioteca Pública Guamal Sala Infantil 07/23/2024   I 843.91 S299l GUA003933 07/23/2024 Ej.1 07/23/2024 Libro Infantil        
  Dewey Decimal Classification     Infantil Biblioteca Pública La Macarena Biblioteca Pública La Macarena Sala Infantil 10/10/2024   I 843.91 S299l LM001612 10/10/2024 Ej.1 10/10/2024 Libro Infantil        
  Dewey Decimal Classification     Infantil Biblioteca Pública Mesetas - Franco lodo Poloxi Biblioteca Pública Mesetas - Franco lodo Poloxi Sala Infantil 07/28/2025   C SCH ME01836 05/26/2025 Ej.1 05/26/2025 Libro Infantil        
  Dewey Decimal Classification     Infantil Biblioteca Pública San Juanito - Ernesto Maria Peña Romero Biblioteca Pública San Juanito - Ernesto Maria Peña Romero Sala Infantil 04/23/2025   843.91 S299 SJU01423 04/23/2025 Ej.1 04/23/2025 LIbro        









Instituto Departamental de Cultura del Meta - Red Departamental de Bibliotecas Públicas del Meta.